000 00300nam a2200133Ia 4500
005 20251222152046.0
008 251222s9999||||xx |||||||||||||| ||spa||
020 _a9789682481024
082 _a635.642/V28
100 _aVan Haeff, J. N. M.
245 0 _aTomates
264 _bTrillas
942 _cLIB
999 _c26233
_d26233